| 000 | 00672nam a22001337a 4500 | ||
|---|---|---|---|
| 040 | _cRUA | ||
| 082 | _aAGR KUN 2015 B538 Or. | ||
| 100 | _aKUN PHALLA; គុណ ផល្លា | ||
| 245 | _aEffect of chemical fertilizer(15-15-15) rates on bitter gourd (mormodica charantia) at Royal university of Agriculture; ប្រសិទ្ធភាពនៃជី(១៥-១៥-១៥) ក្នុងកម្រិតខុសគ្នាលើដំណាំម្រះ នៅសាកលវិទ្យាល័យភូមិន្ទកសិកម្ម | ||
| 260 |
_aPhnom Penh _bRUA _c2015 |
||
| 300 |
_ax; 42p; _bill; _c29cm; |
||
| 856 | _uKUN PHALLA | ||
| 942 | _cAGR | ||
| 999 |
_c10942 _d10942 |
||